000 00581nam a2200121Ia 4500
008 171212s9999 xx 000 0 und d
020 _a9780833083982
100 _aAnderson, James M.;Nidhi, Kalra;Stanley, Karlyn D.;Sorensen, Paul;Samaras, Constantine;Oluwatola, Oluwatobi A.
245 _cAnderson, James M.;Nidhi, Kalra;Stanley, Karlyn D.;Sorensen, Paul;Samaras, Constantine;Oluwatola, Oluwatobi A.
_aAutonomous Vehicle Technology
_bA Guide for Policymakers
260 _bRAND Corporation
_c2014
650 _aTechnology
856 _uhttp://www.jstor.org/stable/10.7249/j.ctt5hhwgz
999 _c351786
_d351786